Μοντέλα διαχείρισης υποδομών και παροχής υπηρεσιών πληροφορικής και επικοινωνιών στην τριτοβάθμια εκπαίδευση : διπλωματική εργασία [μεταπτυχιακή εργασία]

Saved in:
Bibliographic Details
Main Author: Τσιγάρος, Θεολόγος
Corporate Author: Πανεπιστήμιο Αιγαίου Σχολή Ανθρωπιστικών Επιστημών Τμήμα Επιστημών της Προσχολικής Αγωγής και του Εκπαιδευτικού Σχεδιασμού Πρόγραμμα Μεταπτυχιακών Σπουδών Μοντέλα Σχεδιασμού και Ανάπτυξης Εκπαιδευτικών Μονάδων
Other Authors: Φεσάκης, Γεώργιος (Thesis advisor)
Format: Thesis Book
Language:Greek
Published: 2011
Subjects:
Online Access:http://hdl.handle.net/11610/14421
Tags: Add Tag
No Tags, Be the first to tag this record!

MARC

LEADER 00000cam a2200000 i 4500
001 1/19172
008 120504s2011 gre d
035 |l 10112335 
040 |a GR-MY-UA  |b gre  |e aacr 
041 0 |a gre 
082 0 |a 371.334  |2 (22) 
100 1 |a Τσιγάρος, Θεολόγος. 
245 1 0 |a Μοντέλα διαχείρισης υποδομών και παροχής υπηρεσιών πληροφορικής και επικοινωνιών στην τριτοβάθμια εκπαίδευση :  |b διπλωματική εργασία [μεταπτυχιακή εργασία] /  |c Θεολόγος Τσιγάρος ; επιβλέπων: Φεσάκης Γεώργιος 
260 |c 2011 
300 |a 109 σ.;  |b πιν., εικ.;  |c 30 εκ. 
500 |a Μέλη εξεταστικής επιτροπής: Δημητρακοπούλου Αγγελική, Κόνσολας Εμμανουήλ 
502 |a Διατριβή (μεταπτυχιακή) – Πανεπιστήμιο Αιγαίου, Ρόδος, 2011. 
504 |a Βιβλιογραφία: σ. 103-109 
650 0 0 |a Educational technology. 
650 0 0 |a Computer-assisted instruction. 
650 0 0 |a Teaching  |x Aids and devices. 
650 0 0 |a Audio-visual education. 
650 0 0 |a Higher education and state. 
650 0 0 |a Dissertations, Academic  |z Greece. 
700 1 |a Φεσάκης, Γεώργιος.  |4 ths 
710 2 |a Πανεπιστήμιο Αιγαίου   |b Σχολή Ανθρωπιστικών Επιστημών   |b Τμήμα Επιστημών της Προσχολικής Αγωγής και του Εκπαιδευτικού Σχεδιασμού   |b Πρόγραμμα Μεταπτυχιακών Σπουδών Μοντέλα Σχεδιασμού και Ανάπτυξης Εκπαιδευτικών Μονάδων . 
852 |a INST  |b RHODES  |c DIATR  |e 20120504  |h 371.334 ΤΣΙ  |p 005400034340  |q 005400034340  |t MTXE  |y 23 
852 |a INST  |b RHODES  |c DIATR  |e 20120504  |h 371.334 ΤΣΙ  |p 005400034341  |q 005400034341  |t MTXE  |y 23 
856 |u http://hdl.handle.net/11610/14421 
901 |a BIBL4-2012-2 
909 |a Ρ  |b 170989 
909 |a Ρ  |b 170990 
924 |a ΤΣΙΓΑΡΟΣ  |b ΘΕΟΛΟΓΟΣ  |y ΡΟΔΟΣ  |z 2011-12 
970 |z 2012/05/04